गुजरात के संतों की हिन्दी वाणी / (Record no. 121237)

MARC details
000 -LEADER
fixed length control field 01364nam a22002777a 4500
005 - DATE AND TIME OF LATEST TRANSACTION
control field 20170124103209.0
010 ## - LIBRARY OF CONGRESS CONTROL NUMBER
LC control number 674585
020 ## - INTERNATIONAL STANDARD BOOK NUMBER
Terms of availability 40.00
035 ## - SYSTEM CONTROL NUMBER
System control number 674585
037 ## - SOURCE OF ACQUISITION
Source of stock number/acquisition Cen Lib/Ret
040 ## - CATALOGING SOURCE
Original cataloging agency DPL
Language of cataloging HN
082 ## - DEWEY DECIMAL CLASSIFICATION NUMBER
Classification number 821
Item number कालेल
100 ## - MAIN ENTRY--PERSONAL NAME
Personal name कालेलकर, आचार्य काकासाहब
9 (RLIN) 95760
245 ## - TITLE STATEMENT
Title गुजरात के संतों की हिन्दी वाणी /
Statement of responsibility, etc आचार्य काकासाहब कालेलकर ; संपादक अम्बाशंकर नागर
246 ## - VARYING FORM OF TITLE
Title proper/short title Gujarat ke santon ki hindi vaani /
Remainder of title by Acharya Kakasaheb Kalelkar ; sampadak Ambashankar Nagar
260 ## - PUBLICATION, DISTRIBUTION, ETC. (IMPRINT)
Place of publication, distribution, etc अहमदाबाद
Name of publisher, distributor, etc गुर्जर भारती
Date of publication, distribution, etc 1969
270 ## - ADDRESS
Address दूधिया बिल्डिंग, गांधीरोड
City अहमदाबाद
300 ## - PHYSICAL DESCRIPTION
Extent 484पृ.
Dimensions 20सेमी(सजिल्द)
500 ## - GENERAL NOTE
General note संदर्भ शामिल
650 ## - SUBJECT ADDED ENTRY--TOPICAL TERM
Topical term or geographic name as entry element हिन्दी -- साहित्य
9 (RLIN) 95870
650 ## - SUBJECT ADDED ENTRY--TOPICAL TERM
Topical term or geographic name as entry element हिन्दी -- काव्य -- गुजरात
9 (RLIN) 95871
650 ## - SUBJECT ADDED ENTRY--TOPICAL TERM
Topical term or geographic name as entry element Hindi literature
9 (RLIN) 95872
650 ## - SUBJECT ADDED ENTRY--TOPICAL TERM
Topical term or geographic name as entry element Hindi - Poetry - Gujarat
9 (RLIN) 95873
700 ## - ADDED ENTRY--PERSONAL NAME
Personal name नागर, अम्बाशंकर
9 (RLIN) 42810
942 ## - ADDED ENTRY ELEMENTS (KOHA)
Source of classification or shelving scheme Dewey Decimal Classification
Koha item type Hindi Books
Classification part 821
Call number suffix कालेल
Holdings
Withdrawn status Lost status Damaged status Not for loan Home library Current library Date acquired Source of acquisition Cost, normal purchase price Total Checkouts Full call number Barcode Date last seen Copy number Cost, replacement price Price effective from Koha item type
        Central Library Central Library 05/10/2015 Cen Lib/Ret 40.00   821 कालेल 674585 05/10/2015 1 40.00 05/10/2015 Hindi Books

© Delhi Public Library
Hit Counter
free hit counter